<?xml version="1.0" encoding="UTF-8"?>
<record
    xmlns:xsi="http://www.w3.org/2001/XMLSchema-instance"
    xsi:schemaLocation="http://www.loc.gov/MARC21/slim http://www.loc.gov/standards/marcxml/schema/MARC21slim.xsd"
    xmlns="http://www.loc.gov/MARC21/slim">

  <leader>00947nam a2200241 i 4500</leader>
  <controlfield tag="001">C00064528c</controlfield>
  <controlfield tag="005">20241029151016.0</controlfield>
  <controlfield tag="008">180709s1973    esp          |||| ||spa d</controlfield>
  <datafield tag="080" ind1=" " ind2=" ">
    <subfield code="a">711(468.18C.)"17"</subfield>
  </datafield>
  <datafield tag="100" ind1="1" ind2=" ">
    <subfield code="a">Retegui Bensusan, Mariano de (</subfield>
    <subfield code="d">1914-1997)</subfield>
    <subfield code="9">45200</subfield>
  </datafield>
  <datafield tag="245" ind1="1" ind2="0">
    <subfield code="a">Urbanismo gaditano del siglo XVIII / </subfield>
    <subfield code="c">Mariano de Retegui y Bensusan, Guillermo Perea Guarde&#xF1;o.</subfield>
  </datafield>
  <datafield tag="260" ind1=" " ind2=" ">
    <subfield code="a">San Fernando : </subfield>
    <subfield code="b">Imp. "La Voz", </subfield>
    <subfield code="c">1973.</subfield>
  </datafield>
  <datafield tag="300" ind1=" " ind2=" ">
    <subfield code="a">47 p., [7] h. de l&#xE1;m. ; </subfield>
    <subfield code="c">28 cm. + </subfield>
    <subfield code="e">1 folleto.</subfield>
  </datafield>
  <datafield tag="500" ind1=" " ind2=" ">
    <subfield code="a">Las [7] h. de l&#xE1;m.: tres est&#xE1;n imp. por ambas caras y dos son pleg.</subfield>
  </datafield>
  <datafield tag="500" ind1=" " ind2=" ">
    <subfield code="a">Acompa&#xF1;ado de: Cinco mapas del siglo XVIII en un viejo papel. [8] p. ; 22 cm.</subfield>
  </datafield>
  <datafield tag="500" ind1=" " ind2=" ">
    <subfield code="a">Donaci&#xF3;n Ministerio de Cultura.</subfield>
  </datafield>
  <datafield tag="650" ind1=" " ind2="4">
    <subfield code="a">Urbanismo-</subfield>
    <subfield code="z">Espa&#xF1;a-</subfield>
    <subfield code="z">C&#xE1;diz-</subfield>
    <subfield code="y">S. XVIII.</subfield>
    <subfield code="9">100714</subfield>
  </datafield>
  <datafield tag="700" ind1="1" ind2=" ">
    <subfield code="a">Perea Guarde&#xF1;o, Guillermo.</subfield>
    <subfield code="9">45201</subfield>
  </datafield>
  <datafield tag="752" ind1=" " ind2=" ">
    <subfield code="a">Espa&#xF1;a - </subfield>
    <subfield code="d">San Fernando</subfield>
  </datafield>
  <datafield tag="852" ind1="4" ind2=" ">
    <subfield code="j">CN-40</subfield>
  </datafield>
  <datafield tag="952" ind1=" " ind2=" ">
    <subfield code="0">0</subfield>
    <subfield code="1">0</subfield>
    <subfield code="4">0</subfield>
    <subfield code="7">0</subfield>
    <subfield code="8">NOR</subfield>
    <subfield code="a">RABASF</subfield>
    <subfield code="b">RABASF</subfield>
    <subfield code="c">CN</subfield>
    <subfield code="d">2018-07-09</subfield>
    <subfield code="e">D</subfield>
    <subfield code="l">0</subfield>
    <subfield code="o">CN-40</subfield>
    <subfield code="p">1068992</subfield>
    <subfield code="r">2024-10-15 09:51:06</subfield>
    <subfield code="w">2024-10-15</subfield>
    <subfield code="y">FONDOMODER</subfield>
  </datafield>
  <datafield tag="999" ind1=" " ind2=" ">
    <subfield code="c">61054</subfield>
    <subfield code="d">61054</subfield>
  </datafield>
</record>
